Biomecánica y bases neuromusculares de la actividad física y el deporte (Registro nro. 64815)
[ vista simple ]
| 000 -ENCABEZADO | |
|---|---|
| Número de control [NR] | 01182nam a2200277Ia 4500 |
| 005 - FECHA Y HORA DE LA ÚLTIMA TRANSACCIÓN | |
| control field | 20240524101506.0 |
| 008 - DE LONGITUD FIJA DE DATOS DE ELEMENTOS - INFORMACIÓN GENERAL | |
| Elementos de longitud fija [NR] | 130821s2008 sp ao gr spa |
| 020 ## - NUMERO INTERNACIONAL NORMALIZADO PARA LIBROS [R] | |
| Número Internacional Normalizado del libro [NR] | 9788498350234 |
| 040 ## - FUENTE DE CATALOGACION [NR] | |
| Agencia de catalogación original [NR] | Co-BoUCM |
| Idioma de catalogación [NR] | spa |
| Quien Cataloga | David Moreno (modificó) |
| Quien Clasifica | David Moreno (modificó) |
| 041 00 - CODIGO DE IDIOMA [R] | |
| Código de idioma para texto/pista de sonido o título separado [R] | Español |
| 060 00 - SIGNATURA TOPOGRAFICA DE LA BIBLIOTECA NACIONAL DE MEDICINA (NLM) [R] | |
| Número clasificador [R] | QT 260 |
| 245 00 - MENCION DE TITULO [NR] | |
| Título [NR] | Biomecánica y bases neuromusculares de la actividad física y el deporte |
| Mención de responsabilidad, etc. [NR] | Olaia Abadía García de Vicuña...[et al.] ; direccción de Mikel Redín Izquierdo |
| 260 ## - PUBLICACION, DISTRIBUCION, ETC. (PIE DE IMPRENTA) [R] | |
| Lugar de publicación, distribución, etc. [R] | Madrid (España) |
| Nombre del editor, distribuidor, etc. [R] | Editorial Médica Panamericana |
| Fecha de publicación, distribución, etc. [R] | 2008 |
| 300 ## - DESCRIPCION FISICA [R] | |
| Extensión [R] | xvi, 769 páginas |
| Otros detalles físicos [NR] | ilustraciones color, fotografías color |
| 502 ## - NOTA DE TESIS [R] | |
| Nota de tesis [NR] | Incluye bibliografía e índices analítico y general. |
| 650 04 - ASIENTO SECUNDARIO DE MATERIA - TERMINO TEMATICO [R] | |
| Término temático o nombre geográfico como elemento de entrada [NR] | Biomecánica |
| 9 (RLIN) | 10139 |
| 650 04 - ASIENTO SECUNDARIO DE MATERIA - TERMINO TEMATICO [R] | |
| Término temático o nombre geográfico como elemento de entrada [NR] | Ejercicio |
| Subdivisión general [R] | Aspectos fisiológicos |
| 9 (RLIN) | 13945 |
| 650 04 - ASIENTO SECUNDARIO DE MATERIA - TERMINO TEMATICO [R] | |
| Término temático o nombre geográfico como elemento de entrada [NR] | Medicina deportiva |
| 9 (RLIN) | 19146 |
| 700 1# - ASIENTO SECUNDARIO - NOMBRE PERSONAL [R] | |
| Nombre personal [NR] | Abadía García de Vicuña, Olaia |
| 9 (RLIN) | 154610 |
| 700 1# - ASIENTO SECUNDARIO - NOMBRE PERSONAL [R] | |
| Nombre personal [NR] | Abardía Colás, Francisco |
| 9 (RLIN) | 154611 |
| 700 1# - ASIENTO SECUNDARIO - NOMBRE PERSONAL [R] | |
| Nombre personal [NR] | Alcántara Alcocer, Enrique |
| 9 (RLIN) | 154612 |
| 700 1# - ASIENTO SECUNDARIO - NOMBRE PERSONAL [R] | |
| Nombre personal [NR] | Alegre Durán, Luis María |
| 9 (RLIN) | 154613 |
| 700 1# - ASIENTO SECUNDARIO - NOMBRE PERSONAL [R] | |
| Nombre personal [NR] | Alemany Mut, Sandra |
| 9 (RLIN) | 154614 |
| 700 1# - ASIENTO SECUNDARIO - NOMBRE PERSONAL [R] | |
| Nombre personal [NR] | Izquierdo Redín, Mikel |
| 9 (RLIN) | 154615 |
| 942 ## - ELEMENTOS DE ENTRADA AGREGADOS (KOHA) | |
| Tipo de ítem principal el descrito en 300a | Libro |
| Tema principal | Medicina |
| Edición | 1 |
| Parte restante de la signatura top. | I99b |
| Sistema de clasificación | NLM |
| Clasificación | QT 260 |
| Título oculto en OPAC | No |
| Fecha de último préstamo | Total préstamos | Signatura topográfica | Código de barras | Última vez visto | Ejemplar | Price effective from | Tipo de ítem | Perdido | Sistema de clasificación | Dañado | No prestable | Tipo de ítem específico | Suprimido | Ubicación habitual | Ubicación actual | Localización | Fecha de creación | Forma de adquisición | Costo | Total Renewals |
|---|---|---|---|---|---|---|---|---|---|---|---|---|---|---|---|---|---|---|---|---|
| 23/05/2024 | 29 | QT 260 I99b | 200019505 | 24/03/2026 | Ej.1 | 03/02/2013 | Libro de reserva | NLM | Libro de reserva | Quinta de Mutis | Quinta de Mutis | 1er piso | 28/02/2010 | Donación | 26000.00 | |||||
| 21/02/2024 | 82 | QT 260 I99b | 200021556 | 11/12/2025 | Ej.3 | 03/02/2013 | Libro | NLM | Libro | Quinta de Mutis | Quinta de Mutis | 1er piso | 28/02/2011 | Compra | 245000.00 | 36 | ||||
| 07/02/2025 | 82 | QT 260 I99b | 200020783 | 11/12/2025 | Ej.2 | 03/02/2013 | Libro | NLM | Libro | Quinta de Mutis | Quinta de Mutis | 1er piso | 28/02/2010 | Compra | 245000.00 | 11 |